000 00603nam a2200253Ia 4500
005 20260121153801.0
008 008 260114s9999 xx 000 0 eng d
020 _a9780429199615
037 _aEBOOK
040 _aCRL
040 _beng
040 _cCRL
041 _2eng
041 _aeng
084 _qCRL
100 _aRalph Turvey
_9999079
245 0 _aEconomic Analysis and Public Enterprises
260 _bTaylor and Francis
260 _c1971
856 _uhttp://www.taylorfrancis.com/books/9780429199615
942 _cEBOOK
999 _c1565900
_d1565900